The motion of a manifold of finely dispersed liquid droplets in the counterflow of high-temperature gases; Technical Physics Letters; Vol. 40, iss. 6
| Parent link: | Technical Physics Letters: Scientific Journal.— , 1975- Vol. 40, iss. 6.— 2014.— [P. 499-502] |
|---|---|
| Autor principal: | |
| Autor corporatiu: | |
| Altres autors: | |
| Sumari: | Title screen The motion of a manifold of liquid droplets in the counterflow of high-temperature (above 1000 K) gases has been experimentally studied for variable initial size (0.01-0.05 mm) and velocity (0.1-0.5 m/s) of droplets and the gas flow velocity (0.1-2 m/s). The properties of gas-vapor-droplet mixtures were monitored by optical diagnostic techniques. Conditions under which the trajectories and velocities of droplets moving in a high-temperature gas counterflow exhibit significant changes are determined. Режим доступа: по договору с организацией-держателем ресурса |
| Idioma: | anglès |
| Publicat: |
2014
|
| Matèries: | |
| Accés en línia: | http://dx.doi.org/10.1134/S1063785014060200 |
| Format: | MixedMaterials Electrònic Capítol de llibre |
| KOHA link: | https://koha.lib.tpu.ru/cgi-bin/koha/opac-detail.pl?biblionumber=649411 |
MARC
| LEADER | 00000naa0a2200000 4500 | ||
|---|---|---|---|
| 001 | 649411 | ||
| 005 | 20250305105326.0 | ||
| 035 | |a (RuTPU)RU\TPU\network\14573 | ||
| 035 | |a RU\TPU\network\14572 | ||
| 090 | |a 649411 | ||
| 100 | |a 20160711d2014 k||y0rusy50 ba | ||
| 101 | 0 | |a eng | |
| 135 | |a drcn ---uucaa | ||
| 181 | 0 | |a i | |
| 182 | 0 | |a b | |
| 200 | 1 | |a The motion of a manifold of finely dispersed liquid droplets in the counterflow of high-temperature gases |f G. V. Kuznetsov, P. A. Strizhak | |
| 203 | |a Text |c electronic | ||
| 300 | |a Title screen | ||
| 320 | |a [References: p. 131 (9 tit.)] | ||
| 330 | |a The motion of a manifold of liquid droplets in the counterflow of high-temperature (above 1000 K) gases has been experimentally studied for variable initial size (0.01-0.05 mm) and velocity (0.1-0.5 m/s) of droplets and the gas flow velocity (0.1-2 m/s). The properties of gas-vapor-droplet mixtures were monitored by optical diagnostic techniques. Conditions under which the trajectories and velocities of droplets moving in a high-temperature gas counterflow exhibit significant changes are determined. | ||
| 333 | |a Режим доступа: по договору с организацией-держателем ресурса | ||
| 461 | |t Technical Physics Letters |o Scientific Journal |d 1975- | ||
| 463 | |t Vol. 40, iss. 6 |v [P. 499-502] |d 2014 | ||
| 610 | 1 | |a электронный ресурс | |
| 610 | 1 | |a труды учёных ТПУ | |
| 610 | 1 | |a эксперименты | |
| 610 | 1 | |a высокие температуры | |
| 610 | 1 | |a капли | |
| 610 | 1 | |a вода | |
| 610 | 1 | |a жидкость | |
| 610 | 1 | |a жидкость-газ | |
| 610 | 1 | |a оптические методы | |
| 610 | 1 | |a диагностика | |
| 700 | 1 | |a Kuznetsov |b G. V. |c Specialist in the field of heat power energy |c Professor of Tomsk Polytechnic University, Doctor of Physical and Mathematical Sciences |f 1949- |g Geny Vladimirovich |3 (RuTPU)RU\TPU\pers\31891 |9 15963 | |
| 701 | 1 | |a Strizhak |b P. A. |c Specialist in the field of heat power energy |c Doctor of Physical and Mathematical Sciences (DSc), Professor of Tomsk Polytechnic University (TPU) |f 1985- |g Pavel Alexandrovich |3 (RuTPU)RU\TPU\pers\30871 |9 15117 | |
| 712 | 0 | 2 | |a Национальный исследовательский Томский политехнический университет |b Энергетический институт |b Кафедра теоретической и промышленной теплотехники |3 (RuTPU)RU\TPU\col\18679 |9 27132 |
| 801 | 2 | |a RU |b 63413507 |c 20200827 |g RCR | |
| 856 | 4 | |u http://dx.doi.org/10.1134/S1063785014060200 | |
| 942 | |c CF | ||